000
00314 a2200145 4500
001
195369
040
_c
Magnum
100
_a
Mashima, Hiro
240
1
0
_a
Fairy Tail 8
_l
245
1
0
_a
Fairy Tail 8
362
0
_a
2011
440
1
_a
J.B. Communication do Brasil Ltda
697
_a
LITERATURA JUVENIL
942
_c
BK
999
_c
195369
_d
195369